000 00905nam a2200289Ia 4500
001 Z_1482
003 CHAP
008 220113s1984 xx 000 0 und d
010 _a164571
040 _cCHAP
090 _aTesis A 760
100 _aAvila Mortera, Carlos A
_98816
245 _aEvaluación del comportamiento productivo hasta el destete de ocho genotipos de bovinos de carne en el sur de Veracruz /
_cpor Carlos A. Avila Mortera
260 _aChapingo, Méx. :
_bEl autor,
_c1984
300 _a55 h.
502 _aTesis (Ing. Agr. Esp. en Zootecnia) -- UACH. Departamento de Zootecnia
650 _aBecerrros
_xDestete
_9138654
650 _aGanado de carne
_xVeracruz
_945116
650 _aGanado vacuno
_xGenética
_945470
650 _aGanado vacuno
_xProducción
_945506
901 _aTESIS A 760
902 _aM
910 _a1984
942 _c2
942 _c2
999 _c164571
_d164571